| 000 | 01271nam a22002297a 4500 | ||
|---|---|---|---|
| 999 |
_c63509 _d63509 |
||
| 003 | Ge_BSU | ||
| 005 | 20251021150648.0 | ||
| 008 | 251021s1997 ge ||||| |||| 00| 0 geo d | ||
| 020 | _a551100751X | ||
| 041 | _ageo | ||
| 080 | _a339.9(075.8) ყ-69 | ||
| 100 |
_aყორღანაშვილი, ლარისა _914273 |
||
| 245 |
_aსაერთაშორისო სავაჭრო-ეკონომიკური ურთიერთობები : _b[სახელმძღვ. უმაღ. სასწ. სტუდ.] / _c[რედ.: მამია ღაღანიძე]; თსუ, საერთ. ბიზნესის ფაკ-ტი. |
||
| 264 |
_aთბ. : _bთბილ. უნ-ტის გამ-ბა, _c1997. |
||
| 300 |
_a480 გვ. ; _b 20 სმ. |
||
| 504 | _aბიბლიოგრ.: გვ. 475. | ||
| 520 | _aრეზ.: გვ. 302. | ||
| 653 | _aსაერთაშორისო სავაჭრო-ეკონომიკური ურთიერთობები | ||
| 700 |
_aღაღანიძე, მამია _eრედაქტორი _926088 |
||
| 710 |
_aთსუ-ს საერთ. ბიზნესის ფაკ-ტი _926089 |
||
| 942 |
_2udc _cᲬᲘᲒᲜᲘ |
||